LEADER 00974nam a2200205 i 4500 001 000000050703 003 CaOOAMICUS 005 20091209000000.0 008 091209s1901 xx u000 u lat u 013 $a21874 040 $aSeMil$bita 100 1 $aAlberti, Giuseppe .$0(OLS)http://semarc/name/9439 245 13$aDe Sepultura Ecclesiastica deque iure funeris etc. :$bTractatus Moralis-Canonicus-Liturgicus /$cGiuseppe Alberti. 260 $aRomae :$bEx officina typographica artificum a S. Ioseph,$c1901. 300 $a77 p. ;$c21 cm. 650 4$aFunerale.$0(OLS)http://semarc/subject/8968 850 $aSeMil 852 $aSeMil$W1$xVenegono$y1$m2F II 40$j16858$B16858$CSeMilBibl$Z2$F16858 $81 996 $6245$aDe Sepultura Ecclesiastica deque iure funeris etc. :$bTractatus Moralis-Canonicus-Liturgicus$9(OLS)http://semarc/title/77428 996 $6260$aRomae :$bEx officina typographica artificum a S. Ioseph$9(OLS)http://semarc/publisher/35464 LEADER 01068nam a2200253 i 4500 001 000000080654 003 CaOOAMICUS 005 20170612000000.0 008 170612s2010 xx u000 u eng u 013 $a52892 020 $a978-1-85607-686-9 040 $aSeMil$bita 100 1 $aTristram, Kate.$0(OLS)http://semarc/name/91477 245 10$aColumbanus :$bthe earliest voice of Christian Ireland /$cKate Tristram. 260 $aDublin :$bThe Columba Press,$c2010. 300 $a141 p. ;$c22 cm. 600 04$aColombano : di Bobbio .$0(OLS)http://semarc/subject/7979 650 4$aIrlanda - Chiesa.$0(OLS)http://semarc/subject/45345 850 $aSeMil 852 $aSeMil$W1$xVenegono$y1$m3H III 362$j46076$B46076$CSeMilBibl$Z2$F48251 $81 961 $aLascito: Coronelli don Renato 996 $6020$a978-1-85607-686-9$9(OLS)http://semarc/number/270821 996 $6245$aColumbanus :$bthe earliest voice of Christian Ireland$9(OLS)http://semarc/title/404062 996 $6260$aDublin :$bThe Columba Press$9(OLS)http://semarc/publisher/29866